[Event "HUN-ch U16"]
[Site "Eger"]
[Date "2021.08.24"]
[Round "2"]
[White "Juhasz, Agoston Botond"]
[Black "Broderick, Tamas"]
[Result "1-0"]
[WhiteElo "2386"]
[BlackElo "1863"]
[PlyCount "77"]
[EventDate "2021.08.20"]
[EventType "swiss"]
[EventRounds "7"]
[EventCountry "HUN"]
[SourceTitle "EXT 2022"]
[Source "ChessBase"]
[SourceDate "2021.10.06"]
[SourceVersion "1"]
[SourceVersionDate "2021.10.06"]
[SourceQuality "1"]

1. e4 c5 2. Nf3 Nc6 3. d4 cxd4 4. Nxd4 e5 5. Nb5 a6 6. Nd6+ Bxd6 7. Qxd6 Qe7 8. Qd1 Nf6 9. Nc3 d6 10. h3 Be6 11. g4 d5 12. exd5 Rd8 13. Bg2 Nb4 14. Bg5 Qc5 15. Qe2 Nfxd5 16. Bxd8 Nxc3 17. Qd2 Ncd5 18. c3 Nf4 19. 0-0 Nbd3 20. Bg5 h5 21. Bxf4 Nxf4 22. Qe3 Qxe3 23. fxe3 Nxg2 24. Kxg2 hxg4 25. hxg4 Rh4 26. Rg1 Rxg4+ 27. Kf2 Rxg1 28. Kxg1 g5 29. e4 g4 30. Kf2 Ke7 31. a4 Kd6 32. b4 Kc6 33. Ke3 Bc4 34. Rh1 Bb3 35. Rh6+ Kc7 36. a5 Be6 37. Kd3 Kc6 38. c4 Kc7 39. Rh5 1-0

[Event "EU-ch Amateur Online Final 1700/2000"]
[Site "Tornelo INT"]
[Date "2021.04.25"]
[Round "5"]
[White "Merkouropoulos, Dionysios"]
[Black "Broderick, Tamas"]
[Result "0-1"]
[WhiteElo "1405"]
[BlackElo "1822"]
[PlyCount "156"]
[EventDate "2021.04.25"]
[EventType "swiss (rapid)"]
[EventRounds "9"]
[EventCountry "NET"]
[SourceTitle "EXT 2023"]
[Source "ChessBase"]
[SourceDate "2022.10.05"]
[SourceVersion "1"]
[SourceVersionDate "2022.10.05"]
[SourceQuality "1"]

1. d4 Nf6 2. c4 g6 3. Nc3 d5 4. cxd5 Nxd5 5. Nf3 Bg7 6. e3 e6 7. Bc4 0-0 8. 0-0 c6 9. Nxd5 exd5 10. Bd3 Bg4 11. h3 Bxf3 12. Qxf3 Nd7 13. Rb1 f5 14. b4 a6 15. a4 Nf6 16. b5 axb5 17. axb5 Ne4 18. bxc6 bxc6 19. Bxe4 fxe4 20. Qg4 Qd6 21. Bd2 Rab8 22. Qg3 Qxg3 23. fxg3 Rxf1+ 24. Rxf1 Rb2 25. Bc3 Rc2 26. Bb4 Bh6 27. Re1 Rb2 28. Bc3 Rb3 29. Bd2 Rd3 30. Bc1 Kf7 31. Kf2 Ke6 32. Ke2 Rc3 33. Bd2 Rb3 34. Rc1 Kd6 35. Rc5 Kd7 36. Ra5 Rb7 37. g4 Bf8 38. h4 Be7 39. g5 Bd6 40. g4 Ke6 41. Ra6 Kd7 42. h5 Be7 43. Ra8 gxh5 44. gxh5 Bxg5 45. Rg8 h6 46. Rg7+ Kc8 47. Rg8+ Kc7 48. Ba5+ Kd7 49. Rg7+ Be7 50. Rh7 Rb2+ 51. Bd2 Kd8 52. Ke1 Bh4+ 53. Ke2 Be7 54. Kd1 Bg5 55. Rh8+ Kd7 56. Rh7+ Kd6 57. Kc1 Rb5 58. Rg7 c5 59. dxc5+ Kxc5 60. Rc7+ Kd6 61. Rg7 Rc5+ 62. Kd1 Rb5 63. Rg6+ Ke7 64. Kc2 Rc5+ 65. Kb3 Rb5+ 66. Ka4 Rb1 67. Bb4+ Kf7 68. Bc5 Re1 69. Rd6 Bxe3 70. Bxe3 Rxe3 71. Rxd5 Ke6 72. Ra5 Re1 73. Ra6+ Kf5 74. Rxh6 e3 75. Rh8 e2 76. h6 Ra1+ 77. Kb3 e1Q 78. Rf8+ Kg6 0-1

[Event "Budapest-chT1 Lilienthal 1718"]
[Site "Budapest"]
[Date "2017.11.19"]
[Round "4"]
[White "Broderick, Tamas"]
[Black "Toth, Peter3333"]
[Result "1-0"]
[WhiteElo "1252"]
[BlackElo "1457"]
[PlyCount "51"]
[EventDate "2017.10.01"]
[EventType "team-tourn"]
[EventRounds "13"]
[EventCountry "HUN"]
[SourceTitle "EXT 2021"]
[Source "ChessBase"]
[SourceDate "2020.10.23"]
[SourceVersion "1"]
[SourceVersionDate "2020.10.23"]
[SourceQuality "1"]
[WhiteTeam "Budapest Vasas II"]
[BlackTeam "Siraly"]
[WhiteTeamCountry "HUN"]
[BlackTeamCountry "HUN"]

1. d4 Nf6 2. Nc3 d5 3. Bf4 Bf5 4. Nf3 h6 5. h3 e6 6. e3 c5 7. Bxb8 Rxb8 8. Bb5+ Nd7 9. Ne5 Qg5 10. Bxd7+ Ke7 11. g4 Be4 12. Nxe4 dxe4 13. Ba4 f6 14. Nd7 Rd8 15. Nxc5 f5 16. Bb3 Rd6 17. Nxe6 Rxe6 18. Bxe6 Kxe6 19. a3 h5 20. gxf5+ Kxf5 21. Qe2 a5 22. Kd2 Qd8 23. Qc4 Rh6 24. Qf7+ Rf6 25. Qxh5+ g5 26. Qg4+ 1-0